000 00543nam a2200193 i 4500
001 49741
003 ES-MaACL
005 20230906162044.0
007 t|
008 030722s1907 fr ||||1| fre d
245 0 0 _aCours d'algebre élémentaire /
_cpar F.G.M.
250 _a4eme ed.
260 _aTours :
_bA. Mame et fils,
_c1907.
300 _aVIII, 568 p :
_bil. ;
_c22 cm.
490 1 _aCollection d'ouvrages classiques
830 0 _aCollection d'ouvrages classiques
_9192573
852 _aES-MaACL
_jF-4063
999 _c49741
_d49741